Hungary : Selected Issues.

This Selected Issues paper for Hungary highlights the monetary policy framework in Hungary and the models used by the central bank (MNB). The MNB's Quarterly Projection Model combines neo-Keynesian features in the short term with neoclassical features in the long term. It is a two-sector small-...

Deskribapen osoa

Xehetasun bibliografikoak
Erakunde egilea: International Monetary Fund
Formatua: Aldizkaria
Hizkuntza:English
Argitaratua: Washington, D.C. : International Monetary Fund, 2008.
Saila:IMF Staff Country Reports; Country Report ; No. 2008/314
Sarrera elektronikoa:Full text available on IMF
LEADER 01561cas a2200241 a 4500
001 AALejournalIMF005392
008 230101c9999 xx r poo 0 0eng d
020 |c 5.00 USD 
020 |z 9781451818109 
022 |a 1934-7685 
040 |a BD-DhAAL  |c BD-DhAAL 
110 2 |a International Monetary Fund. 
245 1 0 |a Hungary :   |b Selected Issues. 
264 1 |a Washington, D.C. :  |b International Monetary Fund,  |c 2008. 
300 |a 1 online resource (42 pages) 
490 1 |a IMF Staff Country Reports 
500 |a <strong>Off-Campus Access:</strong> No User ID or Password Required 
500 |a <strong>On-Campus Access:</strong> No User ID or Password Required 
506 |a Electronic access restricted to authorized BRAC University faculty, staff and students 
520 3 |a This Selected Issues paper for Hungary highlights the monetary policy framework in Hungary and the models used by the central bank (MNB). The MNB's Quarterly Projection Model combines neo-Keynesian features in the short term with neoclassical features in the long term. It is a two-sector small-open-economy model, estimated by Bayesian methods. Fiscal policy is modeled using various revenue and expenditure items. Rich in sectoral details and structural shocks, the model generates impulse responses of different variables to structural shocks. 
538 |a Mode of access: Internet 
830 0 |a IMF Staff Country Reports; Country Report ;  |v No. 2008/314 
856 4 0 |z Full text available on IMF  |u http://elibrary.imf.org/view/journals/002/2008/314/002.2008.issue-314-en.xml  |z IMF e-Library